• 首页
  • 本馆介绍
  • 公告通知
  • 最新文献
  • 馆藏检索
  • 电子资源
  • 读者导购
  • 参考咨询
  • 我的图书馆
  • 登录
  • 详细信息显示
  • 放入我的书架
  • 预约/预借图书
  • 作者相关作品
  • 分类相关作品
  • 丛书相关作品
  • 出版社相关作品

书目信息

  • 表格格式
  • 工作单格式
  • 卡片格式
题名:
唐诗三百首详析
    
 
作者: 喻守真 编著
分册:  
出版信息: 北京   中华书局  1957
页数: 334页
开本: 19cm
丛书名:
单 册:
中图分类: I222.742 , I207.2
科图分类:
主题词: 唐诗--注释--中国 , 文学--中国
电子资源:
ISBN:
000 00635nam0 2200241 450
001 1550977361
005 20150124141004.67
010    @dCNY1.05
091    @a10018.11
100    @a19901106d19801957em y0chiy0110 ea
101 0  @achi
102    @aCN@b110000
105    @ay zr 000gy
200 1  @a唐诗三百首详析@9tang shi san bai shou xiang xi@f喻守真编著
210    @a北京@c中华书局@d1957@h1980重印
215    @a334页@d19cm
606 0  @a唐诗@x注释@y中国
606 0  @a文学@x中国
690    @aI222.742@v5
690    @aI207.2@v4
701  0 @a喻守真@9yu shou zhen@4编著
801  0 @aCN@bTSSF@c20150124
905    @aZUCC@dI207.2@eJY29
    
    唐诗三百首详析/喻守真编著.-北京:中华书局,1957(1980重印)
    334页;19cm
    
    
    ISBN :CNY1.05
    
●
相关链接 在E读中查询图书 在五车中查询图书 在当当中查询图书 在豆瓣中查询图书


正题名:唐诗三百首详析     索取号:I207.2/JY29         预约/预借

序号 登录号 条形码 馆藏地/架位号 状态 备注
1 7842665   278426650   学院路分馆/ [索取号:I207.2/JY29] 在馆    
唐山师范学院图书馆 欢迎您!
大连网信软件有限公司© 版权所有